| 000 | 02200cab a2200301Ia 45 0 | ||
|---|---|---|---|
| 001 | u187738 | ||
| 003 | SIRSI | ||
| 008 | 101214s2006 ua ss b eng d | ||
| 040 | _aEAL | ||
| 041 |
_aeng _bara |
||
| 090 | _aART VMJ V54 No4 9 | ||
| 100 | 1 | _aAbbass, Amany A. | |
| 240 | 1 | 0 |
_aVeterinary medical journal, 2006 v.54 (4) _h[electronic resource]. |
| 245 | 1 | 0 |
_aListonellosis in ciarias gariepinus : _bphenotypic and serological identification of ustoneuaanguilla.rum isolated from ulcerative lesions _h[electronic resource]. |
| 246 | 1 | 5 |
_aمرض الليستونيلوزيز فى أسماك الكلاريس جاريبينس: _b التصنيف الظاهرى والسيرولوجى لليستونيلا انجوليرم المعزوله من الأضرار المرضية التقرحية. |
| 300 | _ap.825-840. | ||
| 504 | _aIncludes references. | ||
| 520 | _aIn the present study ten isolates of Ustonella anguil/ arum were isolated from Clarias gariepi·· /lU.\' exhibited ulcerative lesions. The prevalence of infection was 16.7 %. The organisms were identified phenotypically to be a variant strains of L. 1Illguil!arum and the biochemical deviation were found in Voges Proskauer test and fermenta-· tion of mannitol. Experimentally, the infected fish showed severe skin ulcerations and high mortality rate. Electrophoresis of serum proteins revealed a significant decrease in δ,β and α globulins on day 4 post infection (PI) and for β globulin only on day 8 PI. In addition, the total serum globulin was dropped significantly on day 4 PI and nonsignificantly on day 8 PI when compared with its value for control group. Moreover, the albumin / globulin ratio was significantly elevated in the infected groups than in control one. | ||
| 546 | _aSummary in Arabic. | ||
| 650 | 0 |
_aFishes _xDiseases _xDiagnosis. |
|
| 650 | 0 |
_aFishes _xDiseases _xResearch. |
|
| 650 | 0 |
_aClarias gariepinus _xDiseases _xDiagnosis. |
|
| 650 | 0 |
_aClarias gariepinus _xDiseases _xResearch. |
|
| 700 | 1 | _aSobhy, Mona M. | |
| 773 | 0 |
_tVeterinary Medical Journal. _g2006.v.54(4) _x1110-1423 _7nass _wu159328 |
|
| 856 | 4 | 0 |
_uhttp://nile.enal.sci.eg/EALE/2006/VMJ/5406/4/825.pdf _zFull Text Article. |
| 596 | _a1 | ||
| 942 |
_cAR _2lcc |
||
| 999 |
_c42677 _d42677 |
||